Southville International School and Colleges
Your cart is empty.
  • Cart
  • Lists
    Public lists Eva Luna New books Lux_list list_1
    Your lists Log in to create your own lists
  • Log in to your account
  • Your cookies
  • Search history
Southville International School and Colleges
  • Advanced search
  • Recent comments
  • Most popular
  • Libraries

Log in to your account

Log in with GOOGLE


If you do not have an external account, but do have a local account, you can still log in:

  1. Home
  2. MARC view: Science for tomorrow's world /
Normal view MARC view ISBD view

Science for tomorrow's world / (Record no. 12298)

[ view plain ]
MARC details
000 -LEADER
fixed length control field 00626nam a22002057a 4500
003 - CONTROL NUMBER IDENTIFIER
control field OSt
005 - DATE AND TIME OF LATEST TRANSACTION
control field 20140310182349.0
008 - FIXED-LENGTH DATA ELEMENTS--GENERAL INFORMATION
fixed length control field 130928t xxu||||| |||| 00| 0 eng d
050 ## - LIBRARY OF CONGRESS CALL NUMBER
Classification number Q 160
Item number .B256 1966
082 ## - DEWEY DECIMAL CLASSIFICATION NUMBER
Classification number GS 500
Item number B23 1966
100 ## - MAIN ENTRY--PERSONAL NAME
Personal name Barnard, Darrell J.
9 (RLIN) 22080
245 ## - TITLE STATEMENT
Title Science for tomorrow's world /
Statement of responsibility, etc Darrell J. Barnard ,Celia Stendler , Benjamin Spock.
260 ## - PUBLICATION, DISTRIBUTION, ETC. (IMPRINT)
Place of publication, distribution, etc New York :
Name of publisher, distributor, etc The Macmillan Company,
Date of publication, distribution, etc c1966.
300 ## - PHYSICAL DESCRIPTION
Extent 343 p. :
Other physical details ill, ;
Dimensions 24 cm.
541 ## - IMMEDIATE SOURCE OF ACQUISITION NOTE
-- 1
562 ## - COPY AND VERSION IDENTIFICATION NOTE
Number of copies 1
650 ## - SUBJECT ADDED ENTRY--TOPICAL TERM
Topical term or geographic name as entry element Science
General subdivision Juvenile literature
9 (RLIN) 22081
650 ## - SUBJECT ADDED ENTRY--TOPICAL TERM
Topical term or geographic name as entry element Science
9 (RLIN) 7100
942 ## - ADDED ENTRY ELEMENTS (KOHA)
Source of classification or shelving scheme Library of Congress Classification
Koha item type
Holdings
Withdrawn status Lost status Source of classification or shelving scheme Damaged status Home library Current library Shelving location Date acquired Total Checkouts Full call number Barcode Date last seen Date checked out Copy number Price effective from Koha item type
    Library of Congress Classification   Luxembourg Library Luxembourg Library Grade School Section 09/28/2013 1 Q 160 .B256 1966 8816 03/06/2018 03/01/2018 1 09/28/2013 Books

Science for tomorrow's world /

APA

Barnard D. J., . (1966). Science for tomorrow's world. New York: The Macmillan Company.

Chicago

Barnard Darrell J, . 1966. Science for tomorrow's world. New York: The Macmillan Company.

Harvard

Barnard D. J., . (1966). Science for tomorrow's world. New York: The Macmillan Company.

MLA

Barnard Darrell J, . Science for tomorrow's world. New York: The Macmillan Company. 1966.

  • Place hold
  • Print
  • Cite
  • Add to your cart (remove)
  • Save record
    BIBTEX Dublin Core MARCXML MARC (non-Unicode/MARC-8) MARC (Unicode/UTF-8) MARC (Unicode/UTF-8, Standard) MODS (XML) RIS
  • More searches
    Search for this title in:
    Other Libraries (WorldCat) Other Databases (Google Scholar) Online Stores (Bookfinder.com) Open Library (openlibrary.org)

Exporting to Dublin Core...

SOUTHVILLE LIBRARY

Southville International School and Colleges Library

1281 Tropical Ave. Cor. Luxembourg St., BF Homes International, Las Pinas City

Tel. No. 8256374 / 252358 Loc. 117/146

Powered by Koha